ბათუმის შოთა რუსთაველის სახელმწიფო უნივერსიტეტის ბიბლიოთეკა

ფილოსოფიური ეტიუდები / (ბიბ.ჩანაწერი № 49248)

000 -ლიდერი
ფიქსირებული სიგრძის საკონტროლო ველი 00858nam a2200229Ia 4500
001 - საკონტროლო ნომერი
საკონტროლო ველი 16162
003 - საკონტროლო ნომრის იდენტიფიკატორი
საკონტროლო ველი GE_BSU
005 - ბოლო ოპერაციის თარიღი და დრო
საკონტროლო ველი 20230607114932.0
008 - ფიქსირებული სიგრძის მონაცემთა ელემენტები - ზოგადი ინფორმაცია
ფიქსირებული სიგრძის საკონტროლო ველი 181216s2015ge xx |||||||||||||| ||geo||
020 ## - წიგნის საერთაშორისო სტანდარტული ნომერი
International Standard Book Number 9789941462078
040 ## - კატალოგიზაციის წყარო
Transcribing agency GE_BSU
041 ## - ენის კოდი
Language code of text/sound track or separate title geo
080 ## - უნივერსალური ათობითი კლასიფიკაციის ინდექსი
Universal Decimal Classification number 1.01 მ-44
100 ## - მთავარი ჩანაწერი - პიროვნების სახელი
Personal name მახარაძე, მიხეილ
9 (RLIN) 18535
245 ## - ცნობა სათაურის შესახებ
Title ფილოსოფიური ეტიუდები /
Statement of responsibility, etc მიხეილ მახარაძე, რედ. ირაკლი კალანდია
264 ## - წარმოების, გამოცემის, დისტრიბუციის და სხვა ცნობები
გამოცემის, წარმოების, დისტრიბუციის... ადგილი ბათუმი :
გამოცემის, წარმოების, დისტრიბუციის... სახელწოდება ბსუ,
გამოცემის, წარმოების, დისტრიბუციის... თარიღი 2015.
300 ## - ფიზიკური აღწერა
Extent 126 გვ.:
Other physical details 18 სმ.
653 ## - INDEX TERM--UNCONTROLLED
Uncontrolled term ფილოსოფია
653 ## - INDEX TERM--UNCONTROLLED
Uncontrolled term ფილოსოფიური ეტიუდები
700 ## - ADDED ENTRY--PERSONAL NAME
Personal name კალანდია, ირაკლი
Relator term რედაქტორი
9 (RLIN) 5803
942 ## - ADDED ENTRY ELEMENTS (KOHA)
Koha item type წიგნი
Source of classification or shelving scheme
ეგზემპლარები
ჩამოწერის სტატუსი დაკარგული ეგზემპლარის სტატუსი კლასიფიკაციის წყარო ან თაროზე გაწყობის სქემა დაზიანების სტატუსი არ გაიცემა მუდმივი მდებარეობა (დაცვის ადგილი) ამჟამინდელი ადგილსამყოფელი თაროზე განთავსების ადგილი შეძენის თარიღი ღირებულება, შესყიდვის ნორმალური ფასი სრული შენახვის შიფრი შტრიხკოდი ბოლო ოპერაციის თარიღი ეგზემპლარის მიმდევრობითი ნომერი (კეტერი?) ფასის ძალაში შესვლის თარიღი ეგზემპლარის სახეობა საჯარო შენიშვნა Uniform Resource Identifier
          ბათუმის შოთა რუსთაველის სახელმწიფო უნივერსიტეტის მთავარი ბიბლიოთეკა ბათუმის შოთა რუსთაველის სახელმწიფო უნივერსიტეტის მთავარი ბიბლიოთეკა წიგნსაცავი 2018-12-17 3.00 1.01 მ-44 40444 2018-12-17 40444 2018-12-17 წიგნი 3ლ. 123თ.  
          ბათუმის შოთა რუსთაველის სახელმწიფო უნივერსიტეტის მთავარი ბიბლიოთეკა ბათუმის შოთა რუსთაველის სახელმწიფო უნივერსიტეტის მთავარი ბიბლიოთეკა წიგნსაცავი 2018-12-17 3.00 1.01 მ-44 40445 2018-12-17 40445 2018-12-17 წიგნი 3ლ. 123თ.  
          ბათუმის შოთა რუსთაველის სახელმწიფო უნივერსიტეტის მთავარი ბიბლიოთეკა ბათუმის შოთა რუსთაველის სახელმწიფო უნივერსიტეტის მთავარი ბიბლიოთეკა წიგნსაცავი 2018-12-17 3.00 1.01 მ-44 40446 2018-12-17 40446 2018-12-17 წიგნი 3ლ. 123თ.  
          ბათუმის შოთა რუსთაველის სახელმწიფო უნივერსიტეტის მთავარი ბიბლიოთეკა ბათუმის შოთა რუსთაველის სახელმწიფო უნივერსიტეტის მთავარი ბიბლიოთეკა წიგნსაცავი 2018-12-17 3.00 1.01 მ-44 40447 2018-12-17 40447 2018-12-17 წიგნი 3ლ. 123თ.  
          ბათუმის შოთა რუსთაველის სახელმწიფო უნივერსიტეტის მთავარი ბიბლიოთეკა ბათუმის შოთა რუსთაველის სახელმწიფო უნივერსიტეტის მთავარი ბიბლიოთეკა წიგნსაცავი 2023-06-07 3.00 1.01 მ-44 64552 2023-06-07 64552 2023-06-07 წიგნი 3ლ. 123თ. ბსუ-ს საპატიო დოქტორის გურამ ლორთქიფანიძის საჩუქარი